000 nam a22 a 4500
999 _c1451
_d1451
003 AKMAL
005 20170509152851.0
008 170509s2011 my | e | a000 0 may d
020 _a9789833109630 :
_cRM61.00
040 _aAKMAL
082 0 4 _a303.3409595 LEA
_222
090 0 0 _a303.3409595
_bLEA
245 0 0 _aLeadership in an environment of turbulent change /
_cedited by Aminuddin Hassim, Alauddin Sidal, Sheila Bavanandam
260 _aKuala Lumpur :
_bInstitut Tadbiran Awam Negara,
_c2011
263 _a201107
300 _axi, 178p. :
_bill. ;
_c23cm.
650 1 0 _aLeadership
_zMalaysia
_940
650 2 0 _aKnowledge management
_9481
650 2 0 _aPublic administration
_zMalaysia
_9419
700 0 _aAminuddin Hassim
_92869
700 0 _aAlauddin Sidal
_9556
700 0 _aSheila Bavanandam
_92870
710 2 _aInstitut Tadbiran Awam Negara
_9410
942 _2ddc
_cBOOK